|
|
|
|
| LEADER |
00000nab a2200000u 4500 |
| 001 |
vtls012009244 |
| 003 |
SK-MaSNL |
| 005 |
20260304034551.0 |
| 008 |
201216|2020 xo ||||||| ||00 ||slo| |
| 038 |
|
|
|a KEVKJB
|
| 040 |
|
|
|a KEVKJB
|b slo
|e rda
|
| 041 |
0 |
|
|a slo
|
| 043 |
|
|
|a e-xo---
|
| 044 |
|
|
|a xo
|c SK
|
| 072 |
|
7 |
|a 911
|x Všeobecná geografia. Systematická geografia
|2 konspekt
|
| 080 |
|
|
|a 911.375(091)
|2 2011
|
| 100 |
1 |
|
|a Korotnoky, Ľudovít
|4 aut
|9 416358
|
| 245 |
1 |
0 |
|a Radnica zachovala veľkorysý verejný priestor
|c Ľudovít Korotnoky
|
| 300 |
|
|
|b Fotografie
|
| 336 |
|
|
|a text
|b txt
|2 rdacontent
|
| 337 |
|
|
|a bez média
|b n
|2 rdamedia
|
| 338 |
|
|
|a zväzok
|b nc
|2 rdacarrier
|
| 650 |
0 |
7 |
|a dobové fotografie
|2 kevkjb
|9 873477
|
| 650 |
0 |
7 |
|a dejiny miest
|2 SNKPH
|9 164833
|
| 651 |
|
7 |
|a Košice (Slovensko)
|2 SNKPHgeo
|9 18694
|
| 651 |
|
7 |
|a Hlavná ulica (Košice, Slovensko)
|2 SNKPHgeo
|9 29594
|
| 773 |
0 |
|
|t KOŠICE:DNES : týždenník
|g Roč. 7, č. 4 (2020), s. 20
|x 1339-7605
|
| 852 |
|
|
|a KEVKJB
|b KIS3GCP
|
| 856 |
4 |
1 |
|u https://kosicednes.sk/historia/radnica-zachovala-velkorysy-verejny-priestor/
|
| 999 |
|
|
|c 2653783
|d 2655713
|